Rizikový kapitál hľadá dobré nápady

Dobré nápady a inovatívne podnikateľské riešenia sú skôr parketou pre fondy rizikového kapitálu. Prioritná úloha takýchto fondov. Fondy rizikového kapitálu ako alternatíva k "veľkým" bankám. Fondy rizikového kapitálu a podnikatelia. Prístup začínajúcich, ale aj existujúcich podnikov ku kapitálu. Vyu...

Descrizione completa

Salvato in:
Dettagli Bibliografici
Autore principale: Vrabec, Norbert
Natura: Capitolo di libro
Lingua:slovacco
Soggetti:
Tags: Aggiungi Tag
Nessun Tag, puoi essere il primo ad aggiungerne!!

MARC

LEADER 00000naa$a2200000$$$4500
001 0095722
005 20231011121549.2
041 0 |a slo 
044 |a SK 
245 1 0 |a Rizikový kapitál hľadá dobré nápady  |c Norbert Vrabec 
520 |a Dobré nápady a inovatívne podnikateľské riešenia sú skôr parketou pre fondy rizikového kapitálu. Prioritná úloha takýchto fondov. Fondy rizikového kapitálu ako alternatíva k "veľkým" bankám. Fondy rizikového kapitálu a podnikatelia. Prístup začínajúcich, ale aj existujúcich podnikov ku kapitálu. Využitie tzv. mikropôžičkovej schémy. Fondy rizikového kapitálu na Slovensku. 
610 2 0 |a kapitál rizikový 
610 2 0 |a podnikanie 
610 2 0 |a podnikatelia 
610 2 0 |a banky 
610 2 0 |a pôžičky 
100 1 |a Vrabec, Norbert